书目信息 |
| 题名: |
实验模态分析及其应用
|
|
| 作者: | 李德葆 , 陆秋海 著 | |
| 分册: | ||
| 出版信息: | 北京 科学出版社 2001 |
|
| 页数: | 327页 | |
| 开本: | 26cm | |
| 丛书名: | ||
| 单 册: | ||
| 中图分类: | O32 | |
| 科图分类: | ||
| 主题词: | 振动分析方法:模态综合法 | |
| 电子资源: | ||
| ISBN: | 7-03-008507-8 | |
| 000 | 00569nam0 2200193 45 | |
| 001 | 0304090823 | |
| 005 | 20070725142108.59 | |
| 010 | @a7-03-008507-8@dCNY43.00 | |
| 100 | @a20030409d2001 km y0chiy0120 ea | |
| 101 | 0 | @achi |
| 200 | 1 | @a实验模态分析及其应用@AShi Yan Mo Tai Fen Xi Ji Qi Ying Yong@f李德葆,陆秋海著@FLi De Bao,Lu Qiu Hai Zhu |
| 210 | @a北京@c科学出版社@d2001 | |
| 215 | @a327页@d26cm | |
| 606 | 0 | @a振动分析方法:模态综合法 |
| 690 | @aO32@v4 | |
| 701 | 0 | @a李德葆@4著 |
| 701 | 0 | @a陆秋海@4著 |
| 801 | @aCN@bTSTC@c20070725 | |
| 905 | @b322459-460@dO32@e11@f2 | |
| 实验模态分析及其应用/李德葆,陆秋海著.-北京:科学出版社,2001 |
| 327页;26cm |
| ISBN 7-03-008507-8:CNY43.00 |
| ● |
| 相关链接 |
|
|
|
|
正题名:实验模态分析及其应用
索取号:O32/11
 
预约/预借
| 序号 | 登录号 | 条形码 | 馆藏地/架位号 | 状态 | 备注 |
| 1 | 0322459 | 203224590 | 第三借阅区/ [索取号:O32/11] | 在馆 | |
| 2 | 0322460 | 203224607 | 第二样本阅览室/ [索取号:O32/11] | 在馆 | |
| 3 | 0784380 | 207843805 | 第三借阅区/ [索取号:O32/11] | 在馆 |